| 000 | 00464cam a2200181ua 4500 | ||
|---|---|---|---|
| 999 |
_c15664 _d15664 |
||
| 003 | OSt | ||
| 008 | 190524b ||||| |||| 00| 0 eng d | ||
| 020 | _a9789352607112 | ||
| 020 | _a0070260648 | ||
| 082 |
_a621.47 _bSUK/SO |
||
| 100 |
_aSukhatme, Suhas P. _94154 |
||
| 245 | _aSolar energy | ||
| 250 | _a4th / | ||
| 260 |
_aChennai : _b Mc-Graw Hill Education(India) Private Limited _c2018. |
||
| 300 | _a525 p. | ||
| 700 |
_aNayak,J K. _94155 |
||
| 942 | _cBK | ||